Rejection Sensitivity and Self-Esteem of Online Dating Applications Users (Record no. 85901)

MARC details
000 -LEADER
fixed length control field 01106nam a22002777a 4500
003 - CONTROL NUMBER IDENTIFIER
control field URS
005 - DATE AND TIME OF LATEST TRANSACTION
control field 20251023103648.0
008 - FIXED-LENGTH DATA ELEMENTS--GENERAL INFORMATION
fixed length control field 250904b ||||| |||| 00| 0 eng d
040 ## - CATALOGING SOURCE
Transcribing agency URS
245 ## - TITLE STATEMENT
Title Rejection Sensitivity and Self-Esteem of Online Dating Applications Users
Remainder of title Ma. Aurea M. Dela Vega ... et al...
260 ## - PUBLICATION, DISTRIBUTION, ETC.
Date of publication, distribution, etc. November 2024
300 ## - PHYSICAL DESCRIPTION
Extent 104 pages.,:
Other physical details illustrations ;
Dimensions 28cm.
336 ## - CONTENT TYPE
Source rdacontent
Content type term Text
337 ## - MEDIA TYPE
Source rdamedia
Media type term unmediated
338 ## - CARRIER TYPE
Source rdacarrier
Carrier type term volume
502 ## - DISSERTATION NOTE
Dissertation note Thesis
Degree type College of Science
Name of granting institution University of Rizal System-Morong
Year degree granted 2024
700 ## - ADDED ENTRY--PERSONAL NAME
Personal name Ma. Aurea M. Dela Vega
Relator term Author
700 ## - ADDED ENTRY--PERSONAL NAME
Personal name Wren Addison Ds. Vocal
Relator term Author
700 ## - ADDED ENTRY--PERSONAL NAME
Personal name Franz Jerome N. Viray
Relator term Author
700 ## - ADDED ENTRY--PERSONAL NAME
Personal name Sherbby P. Mazo
Relator term Author
700 ## - ADDED ENTRY--PERSONAL NAME
Personal name Kimberly P. Ciocson
Relator term Author
700 ## - ADDED ENTRY--PERSONAL NAME
Personal name Alfonso, Czarina Ann B.
Relator term degree supervisor
856 ## - ELECTRONIC LOCATION AND ACCESS
Materials specified Link to View Online
Uniform Resource Identifier <a href="https://drive.google.com/drive/folders/10Xrjv5iKCh0t1MYryFHiNDJPvuiblRK8?usp=drive_link">https://drive.google.com/drive/folders/10Xrjv5iKCh0t1MYryFHiNDJPvuiblRK8?usp=drive_link</a>
856 ## - ELECTRONIC LOCATION AND ACCESS
Uniform Resource Identifier <a href="https://drive.google.com/file/d/1eUinhqcXKGwFTfoQQI_jrX5q7aigJ176/view?usp=drive_link">https://drive.google.com/file/d/1eUinhqcXKGwFTfoQQI_jrX5q7aigJ176/view?usp=drive_link</a>
942 ## - ADDED ENTRY ELEMENTS (KOHA)
Source of classification or shelving scheme Library of Congress Classification
Koha item type Theses and dissertations
Holdings
Withdrawn status Source of classification or shelving scheme Damaged status Not for loan Collection code Home library Current library Date acquired Total Checkouts Barcode Date last seen Price effective from Koha item type
  Library of Congress Classification     Reference Morong College Library Morong College Library 09/04/2025   URSMOR-CL-6970 09/04/2025 09/04/2025 Theses and dissertations

University of Rizal System
Email us at univlibservices@urs.edu.ph

Visit our Website www.urs.edu.ph/library